000 01317nam a2200253 a 4500
001 81055
003 BD-RjUL
005 20230112114257.0
008 011203s1905 ua 000 0 ara d
035 _a(BD-RjUL)81055
040 _aNjP
_cNjP
_dMH
_dCStRLIN
_dUkOxU
_beng
041 _aara
082 _223
_a297.29
_bIBJ 1905
100 1 _aIbn Taymīyah, Aḥmad ibn ʿAbd al-Ḥalīm ,ابن تيمية، أحمد بن عبد الحليم.
_d1263-1328.
_96538
245 1 3 _aal-Jawāb al-ṣaḥīḥ li-man baddala dīn al-Masīḥ /الجواب الصحيح لمن بدل دين المسيح /
_ctaṣnīf Taqī al-Dīn Abī al-ʿAbbās Aḥmad ibn ʿAbd al-Ḥalīm ibn ʿAbd al-Sallām ibn Taymīyah al-Ḥarrānī.تصنيف تقي الدين أبي العباس أحمد بن عبد الحليم بن عبد السلام بن تيمية الحراني.
260 _aMiṣr :مصر :
_bMaṭbaʿat al-Umumiah,
_c1905.
300 _a4 v. in 2 ;
_c20 cm.
505 _a Vol. 3-4.--
650 0 _aIslam
_xApologetic works
_vEarly works to 1800.
_96539
650 0 _aChristianity
_vControversial literature
_vEarly works to 1800.
_96540
650 0 _aIslam
_xRelations
_xChristianity
_vEarly works to 1800.
_96541
650 0 _aChristianity and other religions
_xIslam
_vEarly works to 1800.
_96542
942 _2ddc
_cBK
999 _c81055
_d81055